000 00919nam a2200301Ia 4500
003 OSt
005 20221006143657.0
006 a|||||r|||| 00| 0
007 ta
008 221006b |||||||| |||| 00| 0 eng d
020 _a9781891936128
_c
_29.95
024 _a9,629
037 _bGift, Korea Foundation
_cTextual
040 _aEASL
_cEASL
_beng
041 _2eng
_aeng
082 _aY.495, P2
100 _aSTEINBERG David I.
_9650218
245 0 _aStone mirror
_b Reflections on contemporary Korea
260 _aNorwalk
_bEast Bridge USA
_c2002
300 _a298p.
_ccm.
490 _v KEL
650 _a KEL
650 _a Korea - South - Civilization
_9650219
650 _a Korea - South - economic conditions
_9645945
650 _aKorea - South - Social conditions
_9650220
942 _hY.495, P2
_cTEXL
_2CC
999 _c1077715
_d1077715